000 00440nam a22001457a 4500
020 _a9780521677011
082 _a428.0076 JAK
100 _aJakeman, Vanessa
245 _aCambridge IELTS 5 with answers: examination Papers from University of Cambridege ESOL Examination
260 _aUK
_bCambridge University Press,
_c2006
300 _a176 p.
_eCD-ROM
650 _aExamination Papers IELTS
700 _aMCDowell, Clare
942 _cBK
999 _c491115
_d491115